00555nam a2200193 a 4500001001300000003000900013005001700022008004100039020001000080082001500090100002100105245005000126260003500176300000900211500003500220505004800255650003700303700002100340nice12345678IN_TiNIC20260116015136.0050524s1953 wesa grp 000 0 eng  ac10000a270.1bDIX aDix, Dom Gregory aJew and Greekb Study in the Primitive Church aWestminsterbDacre Pressc1953 a119p aincludes index and biblioraphy2 aIndex to Biblical References, General Index aChurch-History Primitive & Early1 aDix, Dom Gregory